• 首页
  • 本馆介绍
  • 公告通知
  • 最新文献
  • 馆藏检索
  • 电子资源
  • 读者导购
  • 参考咨询
  • 我的图书馆
  • 登录
  • 详细信息显示
  • 放入我的书架
  • 预约/预借图书
  • 作者相关作品
  • 分类相关作品
  • 丛书相关作品
  • 出版社相关作品

书目信息

  • 表格格式
  • 工作单格式
  • 卡片格式
题名:
临床执业(助理)医师实践技能指南
    
 
作者: 谷树严 主编
分册:  
出版信息: 北京   北京科学技术出版社  2008.09
页数: 272页
开本: 26cm
丛书名:
单 册:
中图分类: R4-62
科图分类:
主题词: 临床医学
电子资源:
ISBN: 978-7-5304-3967-8
000 00659nam0 2200205 450
001 0839217251
005 20081211105558.78
010    @a978-7-5304-3967-8@dCNY100.00
100    @a20081211d2008 km y0chiy0120 ea
101 0  @achi
102    @aCN@b110000
200 1  @a临床执业(助理)医师实践技能指南@Alin chuang zhi ye(zhu li)yi shi shi jian ji neng zhi nan@f谷树严主编@Fgu shu yan zhu bian
210    @a北京@c北京科学技术出版社@d2008.09
215    @a272页@d26cm
300    @a农村基层卫生人员中等专业学历教育系列教材
606 0  @a临床医学
690    @aR4-62@v4
701  0 @a谷树严@Agu shu yan@4主编
801  0 @aCN@bNISOFT@c20081211
905    @aBZT@dR4-62@e11@f5
    
    临床执业(助理)医师实践技能指南/谷树严主编.-北京:北京科学技术出版社,2008.09
    272页;26cm
    农村基层卫生人员中等专业学历教育系列教材
    
    ISBN 978-7-5304-3967-8:CNY100.00
    
●
相关链接 在五车中查询图书 在当当中查询图书 在豆瓣中查询图书


正题名:临床执业(助理)医师实践技能指南     索取号:R4-62/11         预约/预借

序号 登录号 条形码 馆藏地/架位号 状态 备注
1 0689787   2000689787   样本书库/样003架A面1层2列/ [索取号:R4-62/11] 在馆    
2 0689788   2000689788   中心书库中库/ 中库007架A面7列3层2/ [索取号:R4-62/11] 在馆    
3 0689789   2000689789   中心书库中库/ 中库007架A面7列3层1/ [索取号:R4-62/11] 在馆    
4 0689790   2000689790   中心书库中库/ 中库007架A面7列3层5/ [索取号:R4-62/11] 在馆    
5 0689791   2000689791   中心书库中库/ 中库007架A面7列3层3/ [索取号:R4-62/11] 在馆    
山东省滨州职业学院图书馆 欢迎您!
大连网信软件有限公司© 版权所有